000
00397nam a2200157Ia 4500
008
220531s9999 xx 000 0 und d
041
_a
mar
100
_a
जोशी वि.
_9
52006
245
_a
भारताची पुनर्घडण
260
_b
Diamand
_c
2005
300
_a
225
542
_d
21-08-2008
650
_a
Marathi
_9
52007
906
_d
2008-2009
999
_c
30222
_d
30222